Mastering american english: a handbook-workbook of essentials
में बचाया:
| मुख्य लेखकों: | , , |
|---|---|
| स्वरूप: | पुस्तक |
| भाषा: | अंग्रेज़ी |
| प्रकाशित: |
Upper Saddle River
Prentice-Hall
1956
|
| विषय: | |
| टैग: |
टैग जोड़ें
कोई टैग नहीं, इस रिकॉर्ड को टैग करने वाले पहले व्यक्ति बनें!
|
MARC
| LEADER | 00000nam a2200000 a 4500 | ||
|---|---|---|---|
| 001 | UCZ5797 | ||
| 003 | CL-VaPUC | ||
| 008 | 951124e19560000US |||||||||||||||||eng|d | ||
| 082 | 0 | 4 | |a 425 |b HAY |2 21 |
| 100 | 0 | |a Hayden, Rebecca A |e author |9 349987 | |
| 700 | 0 | |a Pilgrim, Dorothy W |e author |9 349988 | |
| 700 | 0 | |a Haggard, Auorora Quiros |e author |9 349989 | |
| 245 | 1 | 0 | |a Mastering american english: a handbook-workbook of essentials |
| 300 | |a 260 p | ||
| 942 | |c BK | ||
| 945 | |d 19951124 00:00:00 |a lriquelm | ||
| 260 | |a Upper Saddle River |b Prentice-Hall |c 1956 | ||
| 650 | 0 | |a Gramática |9 270497 | |
| 650 | 0 | |a Inglés |9 260023 | |
| 650 | 0 | |a Lenguas |9 324269 | |
| 650 | 0 | |a Morfología |9 334440 | |
| 650 | 0 | |a Sintaxis |9 318843 | |
| 583 | |a last modification |c 20130411 10:31:04 |k Rodrigo Vera | ||
| 999 | |c 242085 |d 242083 | ||
| 952 | |0 0 |1 0 |4 0 |6 425_000000000000000_HAY_1956 |7 0 |8 P |9 254803 |a BIBEDU |b BIBEDU |c BIBEDU_PB |d 2019-11-19 |i 1577298 |o 425 HAY 1956 |p 1577298 |r 2024-01-25 |w 2019-11-19 |y BK |k FIL | ||